000 00418nam a2200169Ia 4500
100 _aEaton/Chris/ Deroos/Diak
650 _aBig data
942 _cBK
366 _f20
654 _abig data
245 _aUnderstanding Big Data:Analytics for enterprise class Hadoop and streaming Data
260 _bMcGraw - Hill
_c2012
082 _a5.73
_bEAT
300 _a141
546 _aENGLISH
_celectronics
999 _c23639
_d23639